000 00343nam a2200145Ia 4500
008 230917s9999||||xx |||||||||||||| ||und||
040 _e103461
_aMAIN
041 _aEnglish
082 _a355.4 R956B
100 _aRyan, M J
245 0 _aBattlefield command systems
260 _aLondon
_bBrassey's
_c2000
300 _a187 p.
942 _cBK
999 _c118630
_d118630